000 01339nam a2200349 i 4500
003 EG-GICUC
005 20260121101638.0
008 260103s2000 ua ||||fr|||| 000 0 ara d
017 _a2000/18577
020 _a977-04-3208-3
040 _a EG-GICUC
_bara
_c EG-GICUC
_d EG-GICUC
_erda
041 _aara
082 0 4 _221
_a345.24
_bع ب . س
092 0 4 _221
099 _aLaw1 07 345.24 ع ب . س 2000
100 0 _aعبدالله حنفي
_eمؤلف.
245 1 2 _aالسلطات الإدارية المستقلة :
_bدارسة مقارنة /
_cدكتور عبدالله حنفي.
264 1 _aالقاهرة :
_bدار النهضة العربية,
_c2000.
300 _a219 صفحة ؛
_c24 سم
336 _2rda content
_atext
337 _2rda media
_aComputer
338 _2rda carrier
_aOnline Resource
504 _a. 214-209 ببليوجرافيا: صفحات.
546 _aالنص أغلبه باللغة العربية مع بعض النصوص الفرنسية
650 1 4 _aالهيئات المعاونة في التنظيم الإداري
_2qrmak
650 1 4 _aأنواع الاشخاص المعنوية العامة
_2qrmak
650 1 4 _aالرقابة الإدارية
651 1 _2qrmak
856 4 0 _uhttps://fll.law.cu.edu.eg/fulltext/bks/B07-02176.pdf
905 _a79
942 _2ddc
_cBK
_e21
_n0
999 _c54044
_d54044